Física.
Sparad:
| Institutionell upphovsman: | |
|---|---|
| Materialtyp: | Bok |
| Publicerad: |
Barcelona, España:
Reverté,
1962.
|
| Upplaga: | Segunda edición |
| Ämnen: | |
| Taggar: |
Lägg till en tagg
Inga taggar, Lägg till första taggen!
|
MARC
| LEADER | 00000nam a2200000 a 4500 | ||
|---|---|---|---|
| 001 | UCT4932 | ||
| 003 | CL-VaPUC | ||
| 005 | 20250226095709.0 | ||
| 008 | 221025t1962 ||||| |||| 00| 0 eng d | ||
| 999 | |c 254013 |d 254011 | ||
| 040 | |c Pontificia Universidad Católica de Valparaíso | ||
| 082 | 0 | 4 | |a 530 PHY 1962 |2 21 |
| 110 | 2 | |a Physical Science Study Committee |9 374186 | |
| 245 | 1 | 0 | |a Física. |
| 250 | |a Segunda edición | ||
| 260 | 0 | 3 | |a Barcelona, España: |b Reverté, |c 1962. |
| 300 | |a v | ||
| 500 | |a c.1. v1-2. Donación Carolina Astudillo. Memo 13/10/2022 | ||
| 505 | |a v.1: El universo. v.2: Física. | ||
| 583 | |a last modification |c 20160602 17:24:41 |k Rodrigo Vera | ||
| 650 | 0 | |a Física |9 227844 | |
| 650 | 0 | |a Tiempo |9 267892 | |
| 650 | 7 | |a MEDIDA |2 CL-VaPUC |9 360062 | |
| 650 | 0 | |a Espacio |9 336785 | |
| 650 | 0 | |a Movimiento |9 322237 | |
| 650 | 0 | |a Átomos |9 259583 | |
| 650 | 0 | |a Optica |9 263171 | |
| 650 | 0 | |a Luz visible |9 340314 | |
| 650 | 0 | |a Mecánica |9 260096 | |
| 650 | 0 | |a Electricidad |9 260222 | |
| 942 | |c BK |2 ddc | ||
| 945 | |d 19961127 00:00:00 |a cmena | ||
| 952 | |0 0 |1 0 |2 ddc |4 0 |6 530_000000000000000_PHY_1962 |7 0 |8 A |9 275322 |a BIBING |b BIBING |d 2019-11-19 |h v.2 |i 3743926 |l 2 |o 530 PHY 1962 |p 3743926 |r 2025-01-20 |s 2024-11-04 |t 3 |w 2019-11-19 |y BK |k ING | ||
| 952 | |0 0 |1 0 |2 ddc |4 0 |6 530_000000000000000_PHY_1962 |7 0 |8 A |9 587467 |a BIBALI |b BIBALI |c GEN |d 2022-10-25 |e Donación |h v.1-2 |i 5655354 |o 530 PHY 1962 |p 5655354 |r 2025-01-20 |t 1 |w 2022-10-25 |y BK |k ALI | ||